02886nam a22006497a 4500003000900000005001700009008004100026040002800067041001300095044000700108110004300115245016100158260007500319300003900394500008000433505001100513505005200524505002500576505002700601505005500628505004000683505005100723505004800774505003800822505004100860505003900901505006100940505003701001505004101038505005101079505003201130505004301162505005601205520033601261600002601597600002801623600002601651600002901677600002701706600003101733600003701764600003001801650002501831650001401856650002601870650002601896651004001922653002401962653002601986908000802012930001002020942001302030945002002043980004302063999001702106952011302123AR-RoUNA20260303084802.0260302b |||||||| |||| 00| 0 spa d aAR-RoUNAbspadAR-RoUNA aspahspa aag aCentro de Arquitectos de Rosario9838610aCiudad de Rosario destino urbanistico de los terrenos del ex Molino Yerbatero Martin :bconfrontacion de ideas y debates /cCentro de Arquitectos de Rosario aRosario, Santa , Argentina : bCentro de Arquitectos de Rosario,c198? a35 p.bfot. byn.bplanosc35x23 cm aMat. Bibl. extraido: Biblioteca Personal Arq. Adrian Caballero / Caja Nº190 tINDICE0 t1. Introduccion y Consideraciones Generales p.40 a1.1 Presentacion p.40 a1.2 Fundamentacion p.40 a1.3 Objetivos particulares de la confrontacion p.50 a1.4 Parametros de la propuesta p.6 0 a1.5 Consideraciones particulares del sitio p.70 t2. Informacion y Documentacion Grafica p.110 a2.1 Reglamentacion Municipal p.110 a2.2 Notas historicas del sector p.200 a2.3 Documentacion fotografica p.240 a2.4 Planos de ubicacion y relevamiento planimetrico p.290 a2.5 Axonometria del entorno p.310 a2.6 Plano catastral del terreno p.320 t3. Reglamento y Modelo dela Confrontacion p.330 a3.1 Aspectos generales p.330 a3.2 Presentacion delas propuestas p.340 a3.3 Publicacion de los trabajos y conclusiones p.353 aEste documento institucional con alto valor valor historico-local, fue producido en contexto de debates profesionales, articulando discurso tecnico, legitimacion institucional y memoria urbana. El C.A.R (Centro de Arquitectos de Rosario); agredece la coloboracion del Arq. Oscar Mongsfeld en documentacion historica y planimetria. 14aBehar, Roberto91951714aCaballero, Adrian9331214aMonzon, Jackie92761914aPampinella, Silvia9341014aQuiroga, Horacio9840814aRodriguez, Ana Maria9395414aSarrabayrouse, Juan Carlos9866814aViotti, Juan Carlos96370 4aPlanificacion urbana 4aUrbanismo 4aDebates profesionales 4aPatrimonio industrial 4aRasario, Santa Fe, Argentina927618 aOrdenanza: Nº 2966 aYerbatera Marin y Cia aImp e12291 2udccLIB d2026-03-02aMIA 61aMaricel Allasia81gMaricel Allasia c12350d12350 00102cdu405070aAR-RoUNAbAR-RoUNAcDird2026-03-02eDonl0o711.2 (821.6.17) C397p18439tej. 1yLIBx